000
00311nam a22001337a 4500
008
180920b xxu||||| |||| 00| 0 eng d
020
_a
9781455746811
041
_a
eng
080
_a
616.053
100
_a
8
101
_a
PED
245
_a
Pediatric Clinics Of North America
_c
Victor.C.S
942
_2
udc
_c
BK
999
_c
48138
_d
48138